00307nam a2200133Ia 45000030006000000080041000060400015000471000020000622450031000822500011001132600020001245460012001440050017001560STCL150530s9999 xx 000 0 und d aSTCLcSTCL aRoabson, E.S.A. aPractical exercise in heat aSecond bMacmillanc1921 aEnglish20220125170153.0